000 00379pab a2200169 454500
008 180718b2004 xxu||||| |||| 00| 0 eng d
100 _aDollar, David
245 _aTrade, growth, and poverty
260 _c2004
300 _ap.F 22-F 49.
362 _aFeb
650 _aPoverty
650 _aTrade
700 _aKraay, Aart
773 _aEconomic Journal
909 _a61438
999 _c61438
_d61438